MESTSKÁ KNIŽNICA GIRALTOVCE  - online katalóg 

Robinson Crusoe (Record no. 10245)

000 -NÁVESTIE
fixed length control field 00728nam a2200241 a 4500
008 - ÚDAJE S PEVNOU DĹŽKOU – VŠEOBECNÉ INFORMÁCIE
fixed length control field 951213s1978||||CS 0 slo c
040 ## - ZDROJ KATALOGIZÁCIE
Pôvodná katalogizujúca agentúra SNK
Jazyk katalogizácie slo
Prepisujúca agentúra SNK
Konvencie popisu AACR2
044 ## - KÓD KRAJINY VYDAVATEĽA/PRODUCENTA
Kód krajiny MARC xo
Kód krajiny ISO SK
080 ## - ČÍSLO MEDZINÁRODNÉHO DESATINNÉHO TRIEDENIA (MDT)
Číslo Medzinárodného desatinného triedenia (MDT) 820-3
020 ## - MEDZINÁRODNÉ ŠTANDARDNÉ ČÍSLO KNIHY (ISBN)
Údaje o dostupnosti 23
041 ## - KÓD JAZYKA
Kód jazyka textu/zvukovej stopy alebo samostatných nápisov slo
100 1# - OSOBNÉ MENÁ – VŠEOBECNÉ INFORMÁCIE
Osobné meno Defoe, Daniel
245 10 - NÁZOV
Názov Robinson Crusoe
Údaj o zodpovednosti atď. Daniel Defoe ; Juraj Vojtek, Jozef Olexa, Pavel Hrach
250 ## - ÚDAJ O PORADÍ VYDANIA
Údaj o poradí vydania 1., vyd.
260 ## - VYDAVATEĽSKÉ ÚDAJE, DISTRIBÚCIA ATĎ.
Miesto publikovania, distribúcie atď. Bratislava
Názov vydavateľa, distibútora atď. Tatran
Dátum publikovania, distribúcie atď. 1978
Miesto výroby Bratislava
Výrobca Svornosť
300 ## - FYZICKÝ POPIS
Rozsah 261 s., 15,99 AH
Rozmery 21 cm
490 0# - EDÍCIA
Edícia Zlatý fond svetovej literatúry
Zväzok/sekvenčné označenie Zv. 10.
500 ## - VŠEOBECNÁ POZNÁMKA
Formátovaná poznámka o obsahu Séria: Daniel Defoe. Zv. 1. Cena za 1.-3. zv. 60 Kčs.
700 1# - PRIDANÝ VSTUP – OSOBNÉ MENO
Osobné meno Vojtek, Juraj
Kód roly prk
700 1# - PRIDANÝ VSTUP – OSOBNÉ MENO
Osobné meno Olexa, Jozef
Kód roly [ADC]
700 1# - PRIDANÝ VSTUP – OSOBNÉ MENO
Osobné meno Hrach, Pavel
Kód roly gup
958 ## - Formálny deskriptor
Formálny deskriptor A
Holdings
Stav stiahnutia (Blokovanie) (Withrawn status) Stav straty Stav poškodenia (Damaged status) Nie pre výpožičky (Not for loan) Spôsob nadobudnutia (Collection code) Trvalé umiestnenie Aktuálne umiestnenie Dátum nadobudnutia Náklady, bežná kúpna cena Inventárne číslo (prírastkové číslo) Full call number Dátum posledného výskytu Cena s účinnosťou od Typ jednotky Koha
        Kúpa Mestská knižnica Giraltovce Mestská knižnica Giraltovce 2019-11-29 23.00 09638 B 3819 2019-11-29 2019-11-29 Krásna literatúra pre dospelých

Powered by Koha